Projektovanie organizačných štruktúr riadenia Praktikum

Salvato in:
Dettagli Bibliografici
Autore principale: Sedlák, Mikuláš
Ente Autore: Vysoká škola ekonomická v Bratislave. Fakulta ekonomiky a riadenia výrobných odvetví
Natura: Libro
Lingua:slovacco
Pubblicazione: Bratislava VŠE 1988
Edizione:2. preprac. vyd.
Tags: Aggiungi Tag
Nessun Tag, puoi essere il primo ad aggiungerne!!

MARC

LEADER 00000nam a2200000 4500
001 c034169
005 20260108102752.8
041 0 |a slo 
044 |a SK 
245 1 0 |a Projektovanie organizačných štruktúr riadenia  |b Praktikum  |c Mikuláš Sedlák a kol. 
250 |a 2. preprac. vyd. 
264 1 |a Bratislava  |b VŠE  |c 1988 
300 |a 220 s. 
100 1 |a Sedlák, Mikuláš 
710 2 |a Vysoká škola ekonomická v Bratislave. Fakulta ekonomiky a riadenia výrobných odvetví